Statistiques concernant Les villes de France les plus peuplées au 19ème siècle

Cliquez ici pour prendre le quiz!

Statistiques générales

  • Ce quiz a été pris 168 fois
  • Le résultat moyen est 16 sur 20

Statistiques - réponses

RangVillePopulation (1821)
Rang en 2020 (évolution)
% Correct
1Paris
713 966
1 (=)
100%
7Lille64 29110 (-3)
99%
3Marseille109 4832 (+1)
99%
2Lyon149 1713 (-1)
98%
4Bordeaux89 2029 (-5)
95%
6Nantes68 4276 (=)
95%
9Strasbourg49 6808 (+1)
94%
8Toulouse52 3284 (+4)
93%
20Rennes29 58911 (+9)
90%
15Montpellier35 1237 (+8)
86%
17Reims31 08012 (+5)
77%
10Metz42 48331 (-21)
71%
18Toulon30 79813 (+5)
71%
5Rouen86 73635 (-30)
70%
12Orléans40 23334 (-22)
69%
19Clermont-Ferrand30 01022 (-3)
68%
11Amiens42 03227 (-16)
66%
16Angers31 97818 (-2)
63%
14Caen37 24340 (-26)
63%
13Nîmes39 06821 (-8)
59%

Distribution des résultats

Percentile par nombre de réponses

% des personnes avec chaque résultat

Votre développement - résultats

Vous n’avez pas pris ce quiz